[Event "Pan American-ch U12 Girls"]
[Site "Guayaquil"]
[Date "2019.07.21"]
[Round "1"]
[White "Velea, Sophie"]
[Black "Mawyin Tejada, Fiorella"]
[Result "1-0"]
[WhiteElo "1533"]
[BlackElo "1112"]
[PlyCount "69"]
[EventDate "2019.07.21"]
[EventType "swiss"]
[EventRounds "9"]
[EventCountry "ECU"]
[SourceTitle "EXT 2020"]
[Source "ChessBase"]
[SourceDate "2019.10.17"]
[SourceVersion "1"]
[SourceVersionDate "2019.10.17"]
[SourceQuality "1"]

1. e4 c6 2. d4 d5 3. exd5 cxd5 4. Bd3 Nf6 5. Ne2 e6 6. c3 Be7 7. 0-0 0-0 8. Bf4 Nbd7 9. Nd2 Re8 10. Ng3 Nf8 11. Nf3 h6 12. Ne5 Bd7 13. Nh5 N6h7 14. Bxh7+ Nxh7 15. Qg4 Bg5 16. h4 Nf6 17. Nxf6+ Bxf6 18. Bxh6 Qc7 19. Bf4 Qd8 20. Bg5 Bxg5 21. hxg5 Rf8 22. Qh5 Be8 23. f4 f6 24. g6 Bxg6 25. Nxg6 Re8 26. Qh8+ Kf7 27. Qh7 Qb6 28. Rab1 Qa6 29. a3 Qe2 30. Rf3 Qe4 31. Ne5+ fxe5 32. fxe5+ Ke7 33. Qxg7+ Kd8 34. Rbf1 Qc2 35. Rf7 1-0

[Event "ECU-ch U16 Girls"]
[Site "Guayaquil"]
[Date "2019.04.20"]
[Round "6"]
[White "Rodriguez Zamora, Hanna Gabriela"]
[Black "Mawyin Tejada, Fiorella"]
[Result "0-1"]
[WhiteElo "1260"]
[BlackElo "1036"]
[PlyCount "44"]
[EventDate "2019.04.17"]
[EventType "swiss"]
[EventRounds "9"]
[EventCountry "ECU"]
[SourceTitle "CBM 190 Extra"]
[Source "ChessBase"]
[SourceDate "2019.07.15"]
[SourceVersion "1"]
[SourceVersionDate "2019.07.15"]
[SourceQuality "1"]

1. e4 d5 2. exd5 Qxd5 3. Nc3 Qa5 4. Bc4 Nf6 5. d4 c6 6. Nf3 Bg4 7. h3 Bh5 8. Bd2 Qc7 9. g4 Bg6 10. Ne5 e6 11. Qf3 Nbd7 12. Nxg6 hxg6 13. 0-0-0 0-0-0 14. Be3 Be7 15. g5 Nd5 16. Bxd5 exd5 17. Qxf7 Bd6 18. Qxg6 Rhg8 19. Na4 Bf4 20. Qd3 Rde8 21. Nc5 Nxc5 22. Qf5+ Ne6 0-1

[Event "ECU-ch U16 Girls"]
[Site "Guayaquil"]
[Date "2019.04.19"]
[Round "5"]
[White "Mawyin Tejada, Fiorella"]
[Black "Artieda Berru, Ariadna Amely"]
[Result "1-0"]
[WhiteElo "1036"]
[BlackElo "1459"]
[PlyCount "45"]
[EventDate "2019.04.17"]
[EventType "swiss"]
[EventRounds "9"]
[EventCountry "ECU"]
[SourceTitle "CBM 190 Extra"]
[Source "ChessBase"]
[SourceDate "2019.07.15"]
[SourceVersion "1"]
[SourceVersionDate "2019.07.15"]
[SourceQuality "1"]

1. Nf3 d5 2. d4 e6 3. g3 f5 4. Bg2 Nf6 5. Bg5 Bd6 6. Nc3 c6 7. 0-0 0-0 8. Ne5 Nbd7 9. Nxd7 Bxd7 10. Qd2 h6 11. Bf4 Qc7 12. Bxd6 Qxd6 13. a3 Ne4 14. Nxe4 fxe4 15. f3 exf3 16. Rxf3 Rxf3 17. Bxf3 e5 18. e3 e4 19. Bg2 Bg4 20. Rf1 Rf8 21. Rxf8+ Qxf8 22. Qf2 Qxf2+ 23. Kxf2 1-0